Euroopan maantiedettä kirjaimittain - S #2 - Statistics

Yleistilastot
  • Tätä visaa on pelattu 1 236 kertaa
  • Keskiarvotulos 8 / 20
Vastaustilastot
Vihje Vastaus % Oikein
Pieni Italian ympäröimä valtio San Marino
95%
Suomen suurin järvi Saimaa
90%
Aiemmin Tšekin kanssa yhdistyneenä ollut valtio Slovakia
87%
Helsingin edustalla sijaitseva linnoitus {Suomen}linna
86%
Montenegro ja Kosovo olivat aiemmin osa tätä valtiota Serbia
84%
Pohjois-Makedonian pääkaupunki Skopje
65%
Ateenan muinainen kilpakumppani Sparta
46%
Lounais-Saksan suurin kaupunki Stuttgart
42%
Kroatian toiseksi suurin kaupunki Split
40%
Barcelonassa sijaitseva keskeneräinen kirkko, jonka rakentaminen aloitettiin vuonna 1882 Sagrada Familia
39%
Tanskan suurin saari Sjellanti
35%
Historiallinen valtio ja nykyinen hallintoalue, josta Keski-Euroopassa sijaitseva nykyinen valtio on saanut suomenkielisen nimensä Saksi
27%
Vuosien 1928 ja 1948 talviolympialaiset järjestänyt Sveitsin kaupunki Sankt Moritz
18%
Walesin toiseksi suurin kaupunki Swansea
18%
Norjan pisin vuono {Sogne}vuono
17%
Sisiliassa sijaitseva kaupunki, jossa Arkhimedes asui Syrakusa
16%
Wienissä sijaitseva suuri keisarillinen palatsi {Schönbrunnin} linna
12%
Yhdistyneen kuningaskunnan pisin joki Severn
12%
Toscanassa sijaitseva historiallisesta keskustastaan tunnettu kaupunki, jossa maalari Duccio asui Siena
11%
Montenegron ja Albanian rajalla sijaitseva Balkanin suurin järvi {Skutari}järvi
5%
Ehtoja vastaavia visoja ei löytynyt
Tulosjakauma
Jokaisen tuloksen saaneiden osuus
Persentiili vastausten määrän mukaan
Tuloshistoriasi
Et ole pelannut tätä visaa